00475nam a2200193 a 4500001001300000003000900013005001700022008004100039020001000080082001600090100001800106245002200124260003500146300000900181500003500190505001800225650002000243700001800263nice12345678IN_TiNIC20260116012058.0050524s1911 hyda grp 000 0 urd  ac10000a297.82bBAH aBahadur Ali,  aChiragh-E-Hidayat aHyderabadbMahmood Pressc1911 a128p aincludes index and biblioraphy2 aVols. 2 and 3 aShiah-Doctrines1 aBahadur Ali,